Guess the 2023 F1 Driver - Statistics

General Stats
  • This quiz has been taken 54 times
  • The average score is 19 of 22
Answer Stats
Picture Answer % Correct
Lewis Hamilton
98%
Max Verstappen
98%
Lando Norris
92%
Oscar Piastri
92%
Sergio Perez
92%
Carlos Sainz
90%
Charles Leclerc
90%
Fernando Alonso
90%
Pierre Gasly
90%
Valtteri Bottas
90%
Daniel Ricciardo
88%
Esteban Ocon
88%
Lance Stroll
88%
Alex Albon
85%
George Russell
85%
Kevin Magnussen
85%
Yuki Tsunoda
83%
Zhou Guanyu
83%
Nico Hulkenberg
81%
Liam Lawson
79%
Logan Sargeant
75%
Nyck De Vries
75%
No matching quizzes found
Score Distribution
Percent of People with Each Score
Percentile by Number Answered
Your Score History
You have not taken this quiz